000 01022nam a2200229 i 4500
001 155803
003 ES-MaACL
005 20250930063134.0
008 000419s1877 sp |||| | spa d
040 _aCAM
_bspa
_cCAM
100 1 _aHusemann, Theodor Gottfried,
_dn.1833
_9128101
245 1 0 _aManual de materia médica y terapéutica escrito para estudiantes y prácticos
_b: con comentarios de Pharmacopea Germanica /
_cpor Teodoro Husemann.
250 _aEd. española corr. y aum.
_bpor el autor, vertida al castellano y anotada por José Camó y Montobbio.
260 _aMadrid :
_b[s.n.],
_c1877 (
_fEstablecimiento tipográfico de J. Amalio Muñoz)
300 _a3 v. ;
_c23 cm.
597 _aV.1 (XXV, 558 p.) - V.2 (X, 626 p.) - V.3 (XIII, 655 p.)
650 4 _aTerapéutica.
_917479
650 4 _aFarmacopeas-
_zAlemania.
_9136088
700 1 _aCamó y Montobbio, José
_934093
852 _aES-MaACL
_jG-8141-8143
_z-- Enc. hol.
_z-- Donativo de Vicente Cabello, 1899
999 _c155803
_d155803